000 00457cam a2200181ua 4500
020 _a0-854040-558-9
041 _aeng
_h
082 _a547.7
_bNIC/CH
100 _aNicholson, John W .
245 _aChemistry of polymers /
_cJohn W Nicholson.
_hTextual Documents
250 _a2 /
_b.
260 _aLondon :
_bRoyal society of chemistry ,
_c1997.
300 _a190 ; .
500 _a**Reference
504 _a
942 _cBK
999 _c10772
_d10772